000 01465cam a2200301 a 4500
999 _c7844
_d7844
001 15849928
003 GBCCL
005 20241126110638.0
008 090804r20091987ilu b 001 0 eng
010 _a 2009030296
020 _a0851116183
040 _aDLC
_cDLC
_dDLC
050 0 0 _aBS2825.53
_b.M67 2009
082 0 0 _a225.7
_222
_bTYN
100 1 _aMorris, Leon,
_d1914-2006.
_94795
240 1 0 _aBook of Revelation
245 1 0 _aRevelation :
_ban introduction and commentary /
_cLeon Morris.
260 _aLondon. :
_bTyndale Press,
_c1969
300 _a263 p. ;
_c21 cm.
490 0 _aTyndale New Testament commentaries ;
_vv. 20
500 _aOriginally published: The book of Revelation. 1987.
504 _aIncludes bibliographical references and index.
505 _av.1 Matthew.-- v.2 Mark.-- v.3 Luke.-- v.4 John.-- v.5 Acts.-- v.6 Romans.-- v.7 I Corinthians.-- v.8 II Corinthians.-- v.9 Galatians.-- v.10 Ephesians.-- v.11 Philippians.-- v.12 Colossians and Philemon.-- v.13 I,II Thessalonians.-- v.14 Pastoral Epistles.-- v.15 Hebrews.-- v.16 James.-- v.17 I Peter.-- v.18 II Peter, Jude.-- v.19 I, II,III John.-- v.20 Revelation.
630 0 0 _aBible.
_pRevelation
_vCommentaries.
_9873
906 _a7
_bcbc
_corignew
_d1
_eecip
_f20
_gy-gencatlg
942 _2ddc
_cBK
_04